Indoor sports / (Record no. 128749)

MARC details
000 -LEADER
fixed length control field 00686nam a22002417a 4500
003 - CONTROL NUMBER IDENTIFIER
control field 0
005 - DATE AND TIME OF LATEST TRANSACTION
control field 20180703154402.0
008 - FIXED-LENGTH DATA ELEMENTS--GENERAL INFORMATION
fixed length control field 0
010 ## - LIBRARY OF CONGRESS CONTROL NUMBER
LC control number B-098464
020 ## - INTERNATIONAL STANDARD BOOK NUMBER
Terms of availability 00.00
International Standard Book Number 8178790378
035 ## - SYSTEM CONTROL NUMBER
System control number B-098464, B-098466
037 ## - SOURCE OF ACQUISITION
Source of stock number/acquisition Cen Lib/Ret
040 ## - CATALOGING SOURCE
Original cataloging agency DPL
Language of cataloging EN
Transcribing agency 0
082 ## - DEWEY DECIMAL CLASSIFICATION NUMBER
Classification number 793
Item number THA
100 ## - MAIN ENTRY--PERSONAL NAME
Personal name Thani, Yograj
9 (RLIN) 24310
245 ## - TITLE STATEMENT
Title Indoor sports /
Statement of responsibility, etc by Yograj Thani
260 ## - PUBLICATION, DISTRIBUTION, ETC. (IMPRINT)
Place of publication, distribution, etc New Delhi
Name of publisher, distributor, etc Sports Publications
Date of publication, distribution, etc 2002
270 ## - ADDRESS
City New Delhi
Address 4264/3, Ansari Road, Darya Ganj
Postal code 110002
300 ## - PHYSICAL DESCRIPTION
Extent 143p.
Dimensions 21cm(Hb)
650 ## - SUBJECT ADDED ENTRY--TOPICAL TERM
Topical term or geographic name as entry element American wit and humor, Pictorial
9 (RLIN) 24311
650 ## - SUBJECT ADDED ENTRY--TOPICAL TERM
Topical term or geographic name as entry element Caricatures and cartoons
9 (RLIN) 24312
942 ## - ADDED ENTRY ELEMENTS (KOHA)
Source of classification or shelving scheme Dewey Decimal Classification
Koha item type English Books
Classification part 793
Call number suffix THA
Holdings
Withdrawn status Lost status Damaged status Not for loan Home library Current library Date acquired Source of acquisition Cost, normal purchase price Total Checkouts Full call number Barcode Date last seen Date checked out Copy number Cost, replacement price Price effective from Koha item type Source of classification or shelving scheme Collection code
        Central Library Central Library 03/07/2015 Cen Lib/Ret 0.00 2 793 THA B-098464 17/03/2018 03/03/2018 1 0.00 03/07/2015 English Books    
        Patel Nagar Patel Nagar 03/07/2018 BPPD/Pub 250.00   793 THA B-098466 03/07/2018     250.00 03/07/2018 English Books Dewey Decimal Classification Non-fiction

© Delhi Public Library
Hit Counter
free hit counter